Historia de un país

Historia de un país, Argentina siglo XX propone un acercamiento a los principales procesos económicos, políticos, sociales y culturales de nuestro país. Con un imponente archivo fotográfico, ilustraciones y material audiovisual permite apreciar los diferentes períodos históricos, y cuáles fueron las...

Descripción completa

Guardado en:
Autores Corporativos: Canal Encuentro., Ministerio de Educación Ciencia y Tecnología., Educ.ar., El Perro en la Luna.
Otros Autores: Driga, Cristina; Productora delegada., Gómez Ortega, Mateo; Dirección general del proyecto.
Formato: Deslizar
Idioma:Undetermined
Publicado: Buenos Aires : Canal Encuentro, 2007.
Series:Colección Encuentro ; 1
Materias:
Etiquetas: Agregar Etiqueta
Sin Etiquetas, Sea el primero en etiquetar este registro!
LEADER 01761ngm a22003015a 4500
001 CEM.cems021029
008 240417s2007####ag#---############vlund#d
005 20240417155802.0
245 1 0 |a Historia de un país  |h [videograbación] /  |c Canal Encuentro. 
260 |a Buenos Aires :  |b Canal Encuentro,  |c 2007. 
300 |a 28'. 
490 1 |a Colección Encuentro ;  |v 1 
520 |a Historia de un país, Argentina siglo XX propone un acercamiento a los principales procesos económicos, políticos, sociales y culturales de nuestro país. Con un imponente archivo fotográfico, ilustraciones y material audiovisual permite apreciar los diferentes períodos históricos, y cuáles fueron las consecuencias de los sucesos más significativos de la historia argentina de los siglos XIX y XX. 
505 0 |a Capítulos incluídos en el DVD -- 1.Especial 25 de Mayo -- 2.Especial 20 de Junio -- 3.Especial 9 de Julio -- Micros incluidos en el DVD -- Diez minutos de historia -- Revolución libertadora o fusiladora -- La noche de los bastones largos -- Ideas para el aula -- Duración aproximada por capítulo 28'. Duración total aproximada: 117' 
538 |a Soporte: DVD -- Formato: DVD – Peso: 3.61gb -- Resolución: 720 x 576 - 25fps 
110 2 |a Canal Encuentro. 
700 1 |a Driga, Cristina; Productora delegada. 
700 1 |a Gómez Ortega, Mateo; Dirección general del proyecto. 
710 2 |a Ministerio de Educación Ciencia y Tecnología. 
710 2 |a Educ.ar. 
710 2 |a El Perro en la Luna. 
653 |a ARGENTINA 
653 |a IDENTIDAD 
653 |a DEMOCRACIA 
653 |a CIENCIAS SOCIALES 
653 |a HISTORIA 
653 |a ACONTECIMIENTOS POLÍTICOS 
859 |a CEMS  |b BIB. CEMS - Depto. Recursos Didacticos  |h 982  |i ENC-1  |k DRD  |p 3357.24  |t Ej.1